|
|
|
|
| LEADER |
00000nmm a2200000 a 4500 |
| 001 |
vtls001455972 |
| 003 |
SK-MaSNL |
| 005 |
20260301163203.0 |
| 008 |
130607s2003 xo va 0 slo |
| 015 |
|
|
|a SNBS2003/03-01574
|
| 035 |
|
|
|a SNK000411279
|
| 040 |
|
|
|a SNK
|b slo
|c SNK
|e AACR2
|
| 044 |
|
|
|a xo
|c SK
|
| 072 |
|
7 |
|a 328
|x Zastupiteľské orgány. Vlády
|2 konspekt
|
| 080 |
|
|
|a 328.1
|2 1981
|
| 080 |
|
|
|a (437.6)
|2 1981
|
| 080 |
|
|
|a (0.034.4)
|2 1981
|
| 080 |
|
|
|a 328.1(437.6)(0.034)
|2 2. slo
|
| 110 |
1 |
|
|a Slovensko.
|b Národná rada
|4 aut
|9 165573
|
| 245 |
1 |
|
|a Národná rada Slovenskej republiky
|h elektronický zdroj
|
| 256 |
|
|
|a Počítačové dáta
|
| 260 |
|
|
|a [Bratislava]
|b Národná rada Slovenskej republiky
|c [2003]
|
| 300 |
|
|
|a 1 elektronický optický disk (CD-ROM)
|
| 500 |
|
|
|a Elektronické dokumenty
|
| 538 |
|
|
|a Minimálne požiadavky na systém: PC Pentium 333 MHz, RAM 32 MB, SVGA 800x600 / 8 MB, Windows 95/98/2000NT,DirectX 8 (Win 95(98/2000), Service Pack 6 (Win NT) Mac Power PC 603/166 MHz, RAM 32 MB, SVGA 800X600 / 4 MB, Mac OS 8.0
|
| 610 |
1 |
7 |
|a Slovensko.
|b Národná rada
|2 SNK
|9 165573
|
| 655 |
|
7 |
|a elektronické údaje
|2 SNK
|9 465680
|
| 999 |
|
|
|c 816020
|d 817950
|
| 952 |
|
|
|t P60, <03>, [DIGIT], {603}
|a SNK
|b SNK
|y PREZ
|7 0
|p 17A0387763
|o snkSCDM 418
|i snkJK 328/2003
|0 0
|1 0
|4 0
|d 2003-07-02
|l 0
|r 2005-01-02 00:00:00
|w 2026-02-24
|